| 000 | 01189cam a2200301 a 4500 | ||
|---|---|---|---|
| 001 | 2700 | ||
| 005 | 20240110114547.0 | ||
| 020 | _a0439357918 | ||
| 040 |
_aDLC _cDLC _dDLC _beng |
||
| 050 | 0 | 0 |
_aPS3232 _b.K47 2004 |
| 082 | 0 | 0 |
_a811/.3 _aB _222 |
| 100 | 1 | _aKerley, Barbara | |
| 245 | 1 | 0 |
_aWalt Whitman : _bwords for America / _cby Barbara Kerley ; illustrated by Brian Selznick |
| 250 | _aFirst Scholastic paperback printing, September 2005 | ||
| 260 |
_aNew York : _bScholastic Press, _c2004 |
||
| 300 |
_a42 unnumbered pages : _bcolor illustrations ; _c31 cm |
||
| 505 | _aZ | ||
| 520 | _aA biography of the American poet whose compassion led him to nurse soldiers during the Civil War, to give voice to the nation's grief at Lincoln's assassination, and to capture the true American spirit in verse. | ||
| 521 |
_a970 _bLexile |
||
| 521 |
_aZ _bRaz-Plus |
||
| 650 | 0 |
_aPoets, American _y19th century _vBiography _vJuvenile literature. |
|
| 650 | 0 |
_aNurses _zUnited States _vBiography _vJuvenile literature. |
|
| 650 | 1 | _aPoets, American. | |
| 650 | 1 | _aNurses. | |
| 700 | 1 |
_aSelznick, Brian _eillustrator |
|
| 906 |
_a7 _bcbc _corignew _d1 _eecip _f20 _gy-gencatlg |
||
| 942 |
_2ddc _cBK _n0 |
||
| 999 |
_c2700 _d2700 |
||